[Event "Titled Tuesday intern op 13th Feb Late"]
[Site "Chess.com INT"]
[Date "2024.02.13"]
[Round "7"]
[White "Semianiuk, Konstantin"]
[Black "Soto Vega, Jorge"]
[Result "1-0"]
[WhiteElo "2110"]
[BlackElo "2354"]
[PlyCount "127"]
[EventDate "2024.02.13"]
[EventType "swiss (blitz)"]
[EventRounds "11"]
[EventCountry "USA"]
[SourceTitle "CB08_2024"]
[SourceDate "2024.02.21"]
[SourceVersion "1"]
[SourceVersionDate "2024.02.21"]
[SourceQuality "1"]

1. d4 Nf6 2. Nf3 g6 3. Bf4 Bg7 4. Nbd2 d6 5. e4 0-0 6. h3 Nbd7 7. e5 Nd5 8. Bh2 a5 9. a3 dxe5 10. dxe5 Nc5 11. Bc4 Nb6 12. Ba2 Be6 13. Bxe6 Nxe6 14. Ne4 c6 15. 0-0 a4 16. Qe2 h6 17. Rad1 Qc8 18. Rd2 Nd5 19. Rfd1 Nef4 20. Bxf4 Nxf4 21. Qc4 Qf5 22. Ng3 Nxh3+ 23. Kh2 b5 24. Nxf5 bxc4 25. Nxe7+ Kh7 26. Kxh3 Rab8 27. c3 Rb6 28. Nd4 Bxe5 29. Nexc6 Bf6 30. Nb4 Bg5 31. Re2 Rd6 32. g3 Bf6 33. Red2 Re8 34. Kg2 h5 35. f4 Re3 36. Nf3 Rde6 37. Kf2 Kg7 38. Nd5 R3e4 39. Nxf6 Rxf6 40. Rd4 Re7 41. Rxc4 Rb7 42. Rb4 Re7 43. Rxa4 h4 44. Nxh4 g5 45. Nf3 gxf4 46. Rxf4 Rb6 47. Rd2 Reb7 48. Nd4 Rxb2 49. Rxb2 Rxb2+ 50. Ke3 Ra2 51. Kd3 Rxa3 52. Nb5 Ra1 53. c4 Rb1 54. Nc3 Rg1 55. Rf3 Kf8 56. c5 Ke7 57. Kc4 Rc1 58. Rd3 Ra1 59. c6 Ra6 60. Kb5 Ra8 61. Kb6 Rb8+ 62. Ka7 Rb3 63. c7 Ra3+ 64. Kb6 1-0

[Event "Titled Tuesday intern op 28th Jun Early"]
[Site "Chess.com INT"]
[Date "2022.06.28"]
[Round "1"]
[White "Semianiuk, Konstantin"]
[Black "Mitrabha, Guha"]
[Result "0-1"]
[WhiteElo "2110"]
[BlackElo "2499"]
[PlyCount "60"]
[EventDate "2022.06.28"]
[EventType "swiss (blitz)"]
[EventRounds "11"]
[EventCountry "USA"]
[SourceTitle "CBM 209 Extra"]
[Source "ChessBase"]
[SourceDate "2022.09.30"]
[SourceVersion "1"]
[SourceVersionDate "2022.09.30"]
[SourceQuality "1"]

1. d4 Nf6 2. Nf3 e6 3. Bf4 b6 4. e3 Bb7 5. Nbd2 g6 6. Bd3 Bg7 7. h3 d6 8. 0-0 Nbd7 9. Bh2 0-0 10. c3 Qe7 11. Nc4 Rad8 12. Qe2 Ne4 13. Nfd2 Nxd2 14. Nxd2 e5 15. Rfe1 Kh8 16. Rad1 f5 17. dxe5 Nxe5 18. Bc2 g5 19. f4 Ng6 20. Nf3 h6 21. Nd4 Nh4 22. g3 Bxd4 23. gxh4 gxf4 24. exd4 Rg8+ 25. Kf1 Qxh4 26. Bxf5 f3 27. Qe7 Ba6+ 28. Rd3 Bxd3+ 29. Bxd3 Qxh3+ 30. Kf2 Qxh2+ 0-1

[Event "Titled Tuesday intern op 16th Nov"]
[Site "Chess.com INT"]
[Date "2021.11.16"]
[Round "3"]
[White "Salinas Herrera, Pablo Patricio"]
[Black "Semianiuk, Konstantin"]
[Result "1-0"]
[WhiteElo "2513"]
[BlackElo "2110"]
[PlyCount "157"]
[EventDate "2021.11.16"]
[EventType "swiss (blitz)"]
[EventRounds "11"]
[EventCountry "USA"]
[SourceTitle "CBM 205 Extra"]
[Source "ChessBase"]
[SourceDate "2022.01.31"]
[SourceVersion "1"]
[SourceVersionDate "2022.01.31"]
[SourceQuality "1"]

1. d4 d5 2. Bf4 c6 3. e3 Nf6 4. c4 Qb6 5. Qb3 Bf5 6. Nc3 e6 7. Nf3 Nbd7 8. c5 Qxb3 9. axb3 a6 10. b4 Rc8 11. Nd2 Nh5 12. Nb3 Nxf4 13. exf4 Nb8 14. Na5 Rc7 15. Kd2 Be7 16. Bd3 Bxd3 17. Kxd3 0-0 18. Rhe1 Rd8 19. Na4 Nd7 20. f5 Nf8 21. fxe6 Nxe6 22. g3 Bf6 23. Nb3 Kf8 24. Nc3 Re8 25. Re2 Rce7 26. Rae1 Nd8 27. Rxe7 Rxe7 28. Rxe7 Kxe7 29. Na5 Kd7 30. Ne2 Kc7 31. Nb3 Ne6 32. Nd2 Kd7 33. f4 g6 34. Nf3 h6 35. h4 h5 36. b3 Ng7 37. Ne1 Nf5 38. Ng2 Bg7 39. Ne3 Ne7 40. Ng1 Nf5 41. Nxf5 gxf5 42. Nf3 f6 43. Nd2 Bf8 44. Nf1 Be7 45. Ne3 Ke6 46. Kc3 Bd8 47. Nd1 Bc7 48. Nb2 Bd8 49. Kd3 Bc7 50. Na4 Bd8 51. Ke3 Bc7 52. Kf3 Bd8 53. Nb2 Bc7 54. Nd3 Bd8 55. Nf2 Bc7 56. Ke2 Bd8 57. Nd1 Bc7 58. Ne3 Bd8 59. Kf2 Bc7 60. Kg2 Bd8 61. Nf1 Bc7 62. Kf2 Bd8 63. g4 fxg4 64. Ne3 f5 65. Ng2 Bf6 66. Ke3 Kd7 67. Kd3 Kc7 68. Kc3 b6 69. Kd3 a5 70. bxa5 bxa5 71. Ne3 Bxh4 72. Nxf5 Bf6 73. Ke3 h4 74. Kf2 g3+ 75. Kf3 Kb7 76. Nd6+ Ka6 77. f5 Ka7 78. Ne8 Bxd4 79. f6 1-0

[Event "Titled Tuesday intern op 16th Nov"]
[Site "Chess.com INT"]
[Date "2021.11.16"]
[Round "2"]
[White "Semianiuk, Konstantin"]
[Black "Csonka, Balazs"]
[Result "1-0"]
[WhiteElo "2110"]
[BlackElo "2483"]
[PlyCount "91"]
[EventDate "2021.11.16"]
[EventType "swiss (blitz)"]
[EventRounds "11"]
[EventCountry "USA"]
[SourceTitle "CBM 205 Extra"]
[Source "ChessBase"]
[SourceDate "2022.01.31"]
[SourceVersion "1"]
[SourceVersionDate "2022.01.31"]
[SourceQuality "1"]

1. d4 Nf6 2. Nf3 g6 3. Bf4 Bg7 4. Nbd2 0-0 5. e3 d6 6. c3 c5 7. Bc4 Nc6 8. 0-0 b6 9. Qe2 a6 10. a4 Bb7 11. Rfd1 Qc8 12. Rac1 Re8 13. h3 h6 14. Bh2 e5 15. dxe5 dxe5 16. e4 Qc7 17. Bd5 Nxd5 18. exd5 Ne7 19. c4 Nf5 20. Re1 Qd7 21. Ne4 Qxa4 22. g4 Nd4 23. Nxd4 exd4 24. Qf3 d3 25. Qxd3 Bxb2 26. Rb1 Bd4 27. Rxb6 Bc8 28. Nf6+ Bxf6 29. Rxe8+ Qxe8 30. Rxf6 a5 31. Rf3 a4 32. Re3 Qf8 33. Be5 a3 34. Ba1 a2 35. Qc3 f6 36. Re8 Qxe8 37. Qxf6 Qe1+ 38. Kh2 Qxa1 39. Qxa1 Ra4 40. f4 Kf7 41. Kg3 Ba6 42. Kh4 Bxc4 43. g5 h5 44. d6 Ke8 45. Qf6 a1Q 46. Qe7# 1-0

[Event "Titled Tuesday intern op 16th Nov"]
[Site "Chess.com INT"]
[Date "2021.11.16"]
[Round "1"]
[White "Semianiuk, Konstantin"]
[Black "Djordjevic, Vuk D"]
[Result "1-0"]
[WhiteElo "2110"]
[BlackElo "2382"]
[PlyCount "151"]
[EventDate "2021.11.16"]
[EventType "swiss (blitz)"]
[EventRounds "11"]
[EventCountry "USA"]
[SourceTitle "CBM 205 Extra"]
[Source "ChessBase"]
[SourceDate "2022.01.31"]
[SourceVersion "1"]
[SourceVersionDate "2022.01.31"]
[SourceQuality "1"]

1. d4 Nf6 2. Nf3 e6 3. Bf4 d5 4. e3 Bd6 5. Ne5 0-0 6. Nd2 c5 7. c3 Nc6 8. Bd3 Bxe5 9. Bxe5 Nxe5 10. dxe5 Nd7 11. f4 f5 12. exf6 Qxf6 13. Qh5 g6 14. Qh6 e5 15. 0-0 e4 16. Bc2 c4 17. Rad1 Nc5 18. Nb1 Nd3 19. Bxd3 exd3 20. Nd2 Bg4 21. Rde1 Be2 22. Rf2 Rae8 23. Rfxe2 dxe2 24. Rxe2 Qg7 25. Qxg7+ Kxg7 26. Kf2 b5 27. Nf3 Rf6 28. Rd2 Rd6 29. Ne5 Kf6 30. e4 Ke6 31. exd5+ Rxd5 32. Re2 Kf6 33. Ng4+ Kf5 34. Nh6+ Kxf4 35. Rxe8 Rd2+ 36. Re2 Rd7 37. Ng8 a5 38. Nf6 Rd6 39. Nxh7 b4 40. g3+ Kf5 41. h4 Rd3 42. Ng5 bxc3 43. bxc3 Rxc3 44. Rb2 a4 45. Re2 a3 46. Ne4 Rc1 47. Nd6+ Kf6 48. Nb5 Kf5 49. Nxa3 Kg4 50. Re4+ Kh3 51. Rxc4 Ra1 52. Rc2 Rh1 53. Re2 Ra1 54. Nc4 Rc1 55. Ne3 Rc6 56. Ng2 Rf6+ 57. Nf4+ Kg4 58. a4 Ra6 59. Ra2 Kf5 60. a5 Ke4 61. Kg2 Kf5 62. Kh3 Ke4 63. Nxg6 Rxg6 64. a6 Rg8 65. a7 Ra8 66. h5 Kf5 67. Kh4 Kf6 68. g4 Kg7 69. g5 Kh7 70. Ra6 Kg7 71. h6+ Kh7 72. Kh5 Rg8 73. g6+ Rxg6 74. Rxg6 Kh8 75. a8Q+ Kh7 76. Qg8# 1-0

[Event "Titled Tuesday intern op 09th Nov"]
[Site "Chess.com INT"]
[Date "2021.11.09"]
[Round "5"]
[White "Erdogdu, Mert"]
[Black "Semianiuk, Konstantin"]
[Result "1-0"]
[WhiteElo "2407"]
[BlackElo "2110"]
[PlyCount "81"]
[EventDate "2021.11.09"]
[EventType "swiss (blitz)"]
[EventRounds "11"]
[EventCountry "USA"]
[SourceTitle "CBM 205 Extra"]
[Source "ChessBase"]
[SourceDate "2022.01.31"]
[SourceVersion "1"]
[SourceVersionDate "2022.01.31"]
[SourceQuality "1"]

1. e4 c5 2. Nf3 Nc6 3. d4 cxd4 4. Nxd4 e5 5. Nb5 d6 6. c4 Be7 7. N1c3 a6 8. Na3 f5 9. exf5 Bxf5 10. Bd3 Be6 11. 0-0 Nf6 12. Nc2 Rc8 13. Bd2 0-0 14. b3 Rf7 15. Qe2 Bg4 16. f3 Be6 17. Rad1 Nh5 18. Be4 Bg5 19. Bd5 Bxd5 20. Nxd5 Bxd2 21. Qxd2 Qh4 22. g3 Qh3 23. Qg2 Qe6 24. Qe2 Rcf8 25. Kg2 Qg6 26. Rf2 Kh8 27. Kh1 Qh6 28. Kg1 Qg5 29. Rdf1 Qg6 30. Qe4 Qg5 31. Qg4 Qh6 32. Qe4 Qg5 33. Kg2 Ne7 34. Nxe7 Rxe7 35. Ne3 Ref7 36. Nd5 Qh6 37. a4 Nf6 38. Nxf6 Qxf6 39. Rd1 Qh6 40. Rd5 Qh5 41. Qd3 1-0

[Event "Titled Tuesday intern op 09th Nov"]
[Site "Chess.com INT"]
[Date "2021.11.09"]
[Round "1"]
[White "Maximov, Dmitry"]
[Black "Semianiuk, Konstantin"]
[Result "1-0"]
[WhiteElo "2497"]
[BlackElo "2110"]
[PlyCount "35"]
[EventDate "2021.11.09"]
[EventType "swiss (blitz)"]
[EventRounds "11"]
[EventCountry "USA"]
[SourceTitle "CBM 205 Extra"]
[Source "ChessBase"]
[SourceDate "2022.01.31"]
[SourceVersion "1"]
[SourceVersionDate "2022.01.31"]
[SourceQuality "1"]

1. e4 c5 2. Nf3 Nc6 3. Bb5 g6 4. Bxc6 bxc6 5. 0-0 Bg7 6. Re1 Nf6 7. e5 Nd5 8. c4 Nc7 9. d4 cxd4 10. Qxd4 Ne6 11. Qh4 0-0 12. Nc3 Ba6 13. b3 d5 14. Bh6 dxc4 15. Ne4 cxb3 16. axb3 Bb7 17. Neg5 c5 18. Bxg7 1-0

[Event "Titled Tuesday intern op 09th Nov"]
[Site "Chess.com INT"]
[Date "2021.11.09"]
[Round "2"]
[White "Semianiuk, Konstantin"]
[Black "Bashirli, Saadat"]
[Result "1-0"]
[WhiteElo "2110"]
[BlackElo "1351"]
[PlyCount "61"]
[EventDate "2021.11.09"]
[EventType "swiss (blitz)"]
[EventRounds "11"]
[EventCountry "USA"]
[SourceTitle "CBM 205 Extra"]
[Source "ChessBase"]
[SourceDate "2022.01.31"]
[SourceVersion "1"]
[SourceVersionDate "2022.01.31"]
[SourceQuality "1"]

1. d4 d5 2. Nf3 e6 3. Bf4 c5 4. e3 Nc6 5. c3 Nf6 6. Ne5 Bd7 7. Nd2 Nxe5 8. Bxe5 cxd4 9. exd4 Be7 10. Bd3 0-0 11. Qf3 h6 12. g4 Nh7 13. 0-0-0 f6 14. Bg3 Ng5 15. Qe2 Qa5 16. Kb1 Qb6 17. h4 Nf7 18. Bc2 Bb5 19. c4 dxc4 20. Qe4 f5 21. gxf5 exf5 22. Qxf5 Rfd8 23. Qh7+ Kf8 24. Rhe1 c3 25. Nb3 cxb2 26. d5 Qf6 27. Nd4 Bd7 28. Re3 Rdc8 29. Rf3 Bf5 30. Rxf5 Qb6 31. Qh8# 1-0

[Event "Titled Tuesday intern op 09th Nov"]
[Site "Chess.com INT"]
[Date "2021.11.09"]
[Round "4"]
[White "Semianiuk, Konstantin"]
[Black "Bellahcene, Bilel"]
[Result "1-0"]
[WhiteElo "2110"]
[BlackElo "2528"]
[PlyCount "127"]
[EventDate "2021.11.09"]
[EventType "swiss (blitz)"]
[EventRounds "11"]
[EventCountry "USA"]
[SourceTitle "CBM 205 Extra"]
[Source "ChessBase"]
[SourceDate "2022.01.31"]
[SourceVersion "1"]
[SourceVersionDate "2022.01.31"]
[SourceQuality "1"]

1. d4 Nf6 2. Nf3 g6 3. Bf4 Bg7 4. Nbd2 d5 5. e3 0-0 6. Be2 c5 7. c3 Nc6 8. Ne5 Qb6 9. Qb3 c4 10. Qxb6 axb6 11. a3 b5 12. Rc1 Nd7 13. Nxd7 Bxd7 14. Bf3 e6 15. e4 dxe4 16. Nxe4 e5 17. dxe5 Nxe5 18. Bxe5 Bxe5 19. 0-0 Bc6 20. Rcd1 Rad8 21. Nc5 Bxf3 22. gxf3 b6 23. Nd7 Rfe8 24. Nxb6 Bf4 25. Nd5 Bg5 26. Nc7 Rxd1 27. Rxd1 Re2 28. Rd5 Bc1 29. Nxb5 Rxb2 30. Nd6 Rb1 31. Kg2 Bxa3 32. Nxc4 Bc1 33. Ne3 Rb3 34. Rc5 Bxe3 35. fxe3 Rb2+ 36. Kg3 Rc2 37. Rc7 Kg7 38. e4 Kf6 39. c4 h5 40. h4 Ke5 41. Rc5+ Ke6 42. Rc6+ Ke5 43. Rc7 Ke6 44. Kf4 Kf6 45. c5 Ke6 46. c6 Rc4 47. Ke3 Rc3+ 48. Kf4 Rc4 49. Kg3 Rc3 50. Rc8 Rc4 51. Kf4 Rc3 52. c7 Kd7 53. Rf8 Kxc7 54. Rxf7+ Kd6 55. Rf6+ Ke7 56. Rxg6 Rc1 57. Rg5 Kf7 58. Rxh5 Ra1 59. Rd5 Ra6 60. Kg4 Rg6+ 61. Rg5 Rf6 62. Rf5 Kg6 63. Rxf6+ Kxf6 64. f4 1-0

[Event "Toronto NAYCC U18"]
[Site "Toronto"]
[Date "2013.08.18"]
[Round "9"]
[White "Semianiuk, Konstantin"]
[Black "Song, Michael"]
[Result "1/2-1/2"]
[WhiteElo "2315"]
[BlackElo "2368"]
[PlyCount "75"]
[EventDate "2013.08.14"]
[EventType "swiss"]
[EventRounds "9"]
[EventCountry "CAN"]
[SourceTitle "EXT 2022"]
[Source "ChessBase"]
[SourceDate "2021.10.06"]
[SourceVersion "1"]
[SourceVersionDate "2021.10.06"]
[SourceQuality "1"]

1. e4 e5 2. Nf3 Nc6 3. d4 exd4 4. Nxd4 Nf6 5. Nc3 Bb4 6. Nxc6 bxc6 7. Bd3 d5 8. exd5 cxd5 9. 0-0 0-0 10. Bg5 c6 11. Qf3 Bd6 12. Rae1 Rb8 13. Nd1 Be6 14. h3 h6 15. Bxf6 Qxf6 16. Qxf6 gxf6 17. b3 Rfe8 18. Ne3 Bb4 19. Rd1 Bc3 20. Nf5 Bxf5 21. Bxf5 Re7 22. Rd3 d4 23. Rf3 c5 24. Bd3 Rb6 25. Rf5 Bb4 26. g4 Kg7 27. Kg2 Rbe6 28. Kf3 Ba3 29. Rd5 Re5 30. Rd8 Re8 31. Rd7 R5e7 32. Rd5 a5 33. Rg1 Re5 34. Rd7 R8e7 35. Rd8 Bb4 36. a4 Bd2 37. Rc8 Re8 38. Rc7 1/2-1/2

[Event "CAN-ch U18"]
[Site "Ottawa"]
[Date "2013.07.12"]
[Round "6"]
[White "Inigo, Aquino"]
[Black "Semianiuk, Konstantin"]
[Result "1/2-1/2"]
[WhiteElo "2211"]
[BlackElo "2304"]
[PlyCount "33"]
[EventDate "2013.07.10"]
[EventType "swiss"]
[EventRounds "6"]
[EventCountry "CAN"]
[SourceTitle "EXT 2022"]
[Source "ChessBase"]
[SourceDate "2021.10.06"]
[SourceVersion "1"]
[SourceVersionDate "2021.10.06"]
[SourceQuality "1"]

1. d4 d5 2. c4 c6 3. Nf3 Nf6 4. Nc3 e6 5. Bg5 Nbd7 6. e3 Qa5 7. Nd2 Bb4 8. Qc2 Ne4 9. Ndxe4 dxe4 10. Bh4 e5 11. Be2 0-0 12. 0-0 Bxc3 13. bxc3 f5 14. Rfd1 Nf6 15. Bg3 Nd7 16. Bh4 Nf6 17. Bg3 1/2-1/2

[Event "CAN-ch U18"]
[Site "Ottawa"]
[Date "2013.07.10"]
[Round "2"]
[White "Zhang, Zhiyuan"]
[Black "Semianiuk, Konstantin"]
[Result "0-1"]
[WhiteElo "1983"]
[BlackElo "2304"]
[PlyCount "102"]
[EventDate "2013.07.10"]
[EventType "swiss"]
[EventRounds "6"]
[EventCountry "CAN"]
[SourceTitle "EXT 2022"]
[Source "ChessBase"]
[SourceDate "2021.10.06"]
[SourceVersion "1"]
[SourceVersionDate "2021.10.06"]
[SourceQuality "1"]

1. e4 c5 2. Nf3 Nc6 3. Bb5 g6 4. Bxc6 dxc6 5. Nc3 Bg7 6. d3 Bg4 7. h3 Bxf3 8. Qxf3 e5 9. Be3 b6 10. a4 a5 11. 0-0 Ne7 12. Qg3 0-0 13. f4 exf4 14. Bxf4 Ra7 15. Kh1 f5 16. Be5 Bxe5 17. Qxe5 Qd4 18. Qe6+ Kg7 19. Qb3 Rb7 20. Ne2 Qd6 21. Nf4 Kh8 22. Qc3+ Qf6 23. e5 Qf7 24. d4 g5 25. Ne2 Nd5 26. Qd2 f4 27. Ra3 Qg7 28. Raf3 Re8 29. c3 Ne3 30. Rg1 cxd4 31. cxd4 Qh6 32. b3 Rg8 33. g4 Qg6 34. Ng3 Re8 35. Rc1 Rd7 36. Nf5 Nxf5 37. gxf5 Qxf5 38. Rxc6 Qe4 39. Qc3 Rxd4 40. e6 Kg8 41. Rxb6 Rd1+ 42. Kg2 g4 43. hxg4 Qe2+ 44. Rf2 Qxg4+ 45. Kh2 Qg1+ 46. Kh3 Qxf2 47. Rb5 Rh1+ 48. Kg4 Qh4+ 49. Kf5 Rf8+ 50. Ke4 f3+ 51. Kd5 Rd8+ 0-1

[Event "Kitchener Winter op"]
[Site "Kitchener "]
[Date "2013.03.09"]
[Round "2"]
[White "Sambuev, Bator"]
[Black "Semianiuk, Konstantin"]
[Result "1-0"]
[WhiteElo "2696"]
[BlackElo "2283"]
[PlyCount "41"]
[EventDate "2013.03.09"]
[EventType "swiss"]
[EventRounds "5"]
[EventCountry "CAN"]
[SourceTitle "EXT 2015"]
[Source "ChessBase"]
[SourceDate "2014.11.20"]
[SourceVersion "1"]
[SourceVersionDate "2014.11.20"]
[SourceQuality "1"]

1. d4 d5 2. Nf3 Nf6 3. e3 c6 4. c4 e6 5. Nbd2 Nbd7 6. Bd3 Bd6 7. 0-0 Qe7 8. e4 dxe4 9. Nxe4 Nxe4 10. Bxe4 Nf6 11. Bc2 h6 12. Re1 Bd7 13. Ne5 0-0 14. Bf4 g5 15. Bg3 Be8 16. Qf3 h5 17. c5 Bc7 18. Nc4 g4 19. Qa3 Bxg3 20. hxg3 h4 21. Nd6 1-0

[Event "Wch U16"]
[Site "Maribor"]
[Date "2012.11.18"]
[Round "11.32"]
[White "Darling, Simeon C"]
[Black "Semianiuk, Konstantin"]
[Result "1/2-1/2"]
[WhiteElo "1931"]
[BlackElo "2102"]
[PlyCount "111"]
[EventDate "2012.11.08"]
[EventType "swiss"]
[EventRounds "11"]
[EventCountry "SLO"]
[SourceTitle "EXT 2013"]
[Source "ChessBase"]
[SourceDate "2012.11.22"]
[SourceVersion "1"]
[SourceVersionDate "2012.11.22"]
[SourceQuality "1"]

1. e4 c5 2. Nf3 Nc6 3. d4 cxd4 4. Nxd4 e5 5. Nb5 d6 6. N1c3 a6 7. Na3 b5 8. Nd5 Nce7 9. c4 Nxd5 10. Qxd5 Be6 11. Qd1 bxc4 12. Bxc4 Nf6 13. Qe2 Qa5+ 14. Bd2 Qb6 15. Bc3 Qb7 16. f3 Be7 17. 0-0 0-0 18. Kh1 Rfc8 19. Rfe1 Qc6 20. Bxe6 fxe6 21. Rac1 Qa4 22. Qd1 Qxd1 23. Rexd1 Rab8 24. g3 Nh5 25. Kg2 g5 26. h3 Nf6 27. Nc2 h5 28. Ne3 g4 29. hxg4 hxg4 30. Nxg4 Nxg4 31. fxg4 Rc4 32. Re1 Bg5 33. Rcd1 Rb6 34. Re2 Kf7 35. Rd3 Kg6 36. b3 Rc8 37. Bb2 Rbc6 38. Ba3 Rd8 39. Bb2 Bf6 40. Kf3 Bg5 41. Kg2 Bf6 42. Kf3 Rf8 43. Kg2 Kg5 44. Ba3 Be7 45. Red2 Kxg4 46. Bxd6 Bxd6 47. Rxd6 Rc3 48. R6d3 Rfc8 49. a4 a5 50. Kg1 Rc1+ 51. Kg2 R8c3 52. Kf2 R1c2 53. Ke2 Rxd3 54. Kxd3 Rc1 55. Rc2 Rd1+ 56. Ke2 1/2-1/2

[Event "Wch U16"]
[Site "Maribor"]
[Date "2012.11.16"]
[Round "9.25"]
[White "Cukrowski, Filip"]
[Black "Semianiuk, Konstantin"]
[Result "1-0"]
[WhiteElo "2161"]
[BlackElo "2102"]
[PlyCount "97"]
[EventDate "2012.11.08"]
[EventType "swiss"]
[EventRounds "11"]
[EventCountry "SLO"]
[SourceTitle "EXT 2013"]
[Source "ChessBase"]
[SourceDate "2012.11.22"]
[SourceVersion "1"]
[SourceVersionDate "2012.11.22"]
[SourceQuality "1"]

1. e4 c5 2. Nf3 Nc6 3. d4 cxd4 4. Nxd4 Qb6 5. Nb3 Nf6 6. Nc3 e6 7. Bd3 Be7 8. Be3 Qc7 9. 0-0 0-0 10. f4 d6 11. Qf3 a6 12. Rae1 Nd7 13. Qh3 Nb4 14. Kh1 Nc5 15. Nxc5 dxc5 16. e5 Nxd3 17. cxd3 Rd8 18. Rd1 b6 19. Qg3 f5 20. d4 cxd4 21. Bxd4 b5 22. Qf2 Rb8 23. Rc1 Qa5 24. Bc5 Rb7 25. b4 Bxc5 26. Qxc5 Qc7 27. Ne4 Qxc5 28. Nxc5 Rc7 29. Rfd1 Rxd1+ 30. Rxd1 Kf7 31. Kg1 a5 32. a3 axb4 33. axb4 Bb7 34. Kf2 Bd5 35. Ra1 Ke7 36. g3 Kf7 37. Ke3 Ke7 38. Kd4 Bc6 39. Ra6 Kf7 40. Nxe6 Kxe6 41. Kc5 Kd7 42. e6+ Ke7 43. Rxc6 Rb7 44. Kd5 Ra7 45. Rd6 Ra2 46. Rd7+ Kf8 47. Rf7+ Ke8 48. Rxg7 Rxh2 49. Ke5 1-0

[Event "Wch U16"]
[Site "Maribor"]
[Date "2012.11.14"]
[Round "7.26"]
[White "Brown, Michael William"]
[Black "Semianiuk, Konstantin"]
[Result "1-0"]
[WhiteElo "2276"]
[BlackElo "2102"]
[PlyCount "63"]
[EventDate "2012.11.08"]
[EventType "swiss"]
[EventRounds "11"]
[EventCountry "SLO"]
[SourceTitle "EXT 2013"]
[Source "ChessBase"]
[SourceDate "2012.11.22"]
[SourceVersion "1"]
[SourceVersionDate "2012.11.22"]
[SourceQuality "1"]

1. d4 d5 2. c4 c6 3. cxd5 cxd5 4. Nf3 Nf6 5. Nc3 Nc6 6. Bf4 a6 7. Rc1 e6 8. e3 Be7 9. Bd3 Nh5 10. Be5 Nxe5 11. dxe5 g6 12. 0-0 0-0 13. Nd4 f6 14. exf6 Bxf6 15. Be2 Ng7 16. Nb3 b6 17. Nd4 Bb7 18. Na4 Qd6 19. Qb3 e5 20. Nf3 b5 21. Nc5 Bc6 22. Ne4 Qe6 23. Nxf6+ Rxf6 24. Ng5 Qd7 25. Bf3 Rd8 26. e4 Rd6 27. Rfd1 Ne8 28. exd5 Bxd5 29. Bxd5+ Rxd5 30. Rc5 Nf6 31. Ne4 Qg7 32. Nxf6+ 1-0

[Event "Wch U16"]
[Site "Maribor"]
[Date "2012.11.12"]
[Round "6.24"]
[White "Semianiuk, Konstantin"]
[Black "Tomici, Stefan"]
[Result "1/2-1/2"]
[WhiteElo "2102"]
[BlackElo "2200"]
[PlyCount "41"]
[EventDate "2012.11.08"]
[EventType "swiss"]
[EventRounds "11"]
[EventCountry "SLO"]
[SourceTitle "EXT 2013"]
[Source "ChessBase"]
[SourceDate "2012.11.22"]
[SourceVersion "1"]
[SourceVersionDate "2012.11.22"]
[SourceQuality "1"]

1. e4 e5 2. Nf3 Nc6 3. d4 exd4 4. Nxd4 Nf6 5. Nc3 Bb4 6. Nxc6 bxc6 7. Bd3 d5 8. exd5 cxd5 9. 0-0 0-0 10. Bg5 c6 11. Qf3 Be7 12. Rae1 Rb8 13. Nd1 h6 14. Bxh6 gxh6 15. Qg3+ Bg4 16. h3 Bd6 17. f4 Qd7 18. hxg4 Qxg4 19. Qxg4+ Nxg4 20. g3 Rfe8 21. Rf3 1/2-1/2

[Event "Wch U16"]
[Site "Maribor"]
[Date "2012.11.11"]
[Round "4.36"]
[White "Semianiuk, Konstantin"]
[Black "Pon, Matt"]
[Result "1-0"]
[WhiteElo "2102"]
[BlackElo "1887"]
[PlyCount "115"]
[EventDate "2012.11.08"]
[EventType "swiss"]
[EventRounds "11"]
[EventCountry "SLO"]
[SourceTitle "EXT 2013"]
[Source "ChessBase"]
[SourceDate "2012.11.22"]
[SourceVersion "1"]
[SourceVersionDate "2012.11.22"]
[SourceQuality "1"]

1. e4 e5 2. Nf3 Nc6 3. d4 exd4 4. Nxd4 Nf6 5. Nc3 Bb4 6. Nxc6 bxc6 7. Bd3 d6 8. Bg5 h6 9. Bh4 0-0 10. 0-0 Re8 11. f4 Qe7 12. Kh1 Bxc3 13. bxc3 Qe6 14. Qf3 Qg4 15. Qxg4 Nxg4 16. Rab1 Nf6 17. Rfe1 Nd7 18. Bf2 Nb6 19. e5 Bd7 20. g3 Kf8 21. Kg2 Rab8 22. Kf3 Be6 23. a3 h5 24. Kg2 c5 25. h3 Na4 26. c4 Nb6 27. f5 Bxc4 28. exd6 cxd6 29. Red1 Bd5+ 30. Kh2 Bf3 31. Rd2 c4 32. Bf1 d5 33. Bg2 Bxg2 34. Kxg2 Red8 35. Rb5 Rd7 36. a4 Rbd8 37. Bc5+ Kg8 38. a5 Nc8 39. Rb8 Rc7 40. Bd4 f6 41. c3 Kf7 42. Rdb2 Ke7 43. Re2+ Kf7 44. g4 hxg4 45. hxg4 Rdd7 46. Kf3 Ne7 47. Rh8 Rc6 48. Kf4 Ra6 49. g5 fxg5+ 50. Kxg5 Ng8 51. Re6 Rxa5 52. Rg6 Kf8 53. f6 gxf6+ 54. Bxf6 d4+ 55. Kf4 Kf7 56. Rhxg8 dxc3 57. Bxc3 Ra6 58. R8g7+ 1-0

[Event "Wch U16"]
[Site "Maribor"]
[Date "2012.11.10"]
[Round "3.19"]
[White "Carow, Johannes"]
[Black "Semianiuk, Konstantin"]
[Result "1-0"]
[WhiteElo "2259"]
[BlackElo "2102"]
[PlyCount "53"]
[EventDate "2012.11.08"]
[EventType "swiss"]
[EventRounds "11"]
[EventCountry "SLO"]
[SourceTitle "EXT 2013"]
[Source "ChessBase"]
[SourceDate "2012.11.22"]
[SourceVersion "1"]
[SourceVersionDate "2012.11.22"]
[SourceQuality "1"]

1. d4 d5 2. c4 c6 3. e3 Nf6 4. Nc3 a6 5. Qc2 b5 6. b3 g6 7. Bd3 Bg7 8. Nf3 0-0 9. 0-0 Bb7 10. e4 dxe4 11. Nxe4 Nxe4 12. Bxe4 f5 13. Bd3 c5 14. Ng5 Qb6 15. Qe2 cxd4 16. Ne6 Rf7 17. Nxg7 Kxg7 18. Bb2 Nc6 19. cxb5 axb5 20. Bxb5 Ba6 21. a4 e5 22. Rfc1 Rf6 23. Rxc6 Rxc6 24. Qxe5+ Kh6 25. Bxd4 Qc7 26. Bxc6 Qxc6 27. Qg7+ 1-0

[Event "CAN-ch U16"]
[Site "Vancouver"]
[Date "2012.07.05"]
[Round "5"]
[White "Li, Kevin"]
[Black "Semianiuk, Konstantin"]
[Result "0-1"]
[WhiteElo "2232"]
[BlackElo "2207"]
[PlyCount "72"]
[EventDate "2012.07.03"]
[EventType "swiss"]
[EventRounds "7"]
[EventCountry "CAN"]
[SourceTitle "EXT 2022"]
[Source "ChessBase"]
[SourceDate "2021.10.06"]
[SourceVersion "1"]
[SourceVersionDate "2021.10.06"]
[SourceQuality "1"]

1. e4 c5 2. Nf3 Nc6 3. d4 cxd4 4. Nxd4 Qb6 5. Nb3 Nf6 6. Nc3 e6 7. a3 Be7 8. Be3 Qc7 9. f4 d6 10. Bd3 a6 11. 0-0 b5 12. Qe2 Bb7 13. Rad1 b4 14. axb4 Nxb4 15. h3 Nd7 16. Qf2 0-0 17. Nd4 Nc5 18. Qg3 Bf6 19. Nf3 g6 20. f5 exf5 21. exf5 Ncxd3 22. cxd3 Rfe8 23. Bg5 Bxc3 24. bxc3 Qxc3 25. Bd2 Qc5+ 26. d4 Qb6 27. f6 Bxf3 28. Rxf3 Qxd4+ 29. Kh1 Re5 30. Rf4 Qd3 31. Qxd3 Nxd3 32. Rf3 Rd5 33. Rb1 Re8 34. Rb7 Ne5 35. Rfb3 Rxd2 36. Rb8 Kf8 0-1